000 00274nam a2200133Ia 4500
100 _aGlinka/N
650 _aChemistry
942 _cBK
245 _aProblems In General Chemistry
260 _bMir Publishers
_c1973
082 _a540
300 _a256
546 _aENGLISH
999 _c26965
_d26965